000 02112cam a2200385 a 4500
001 1550099
003 ARRUPE
005 20131014122626.0
008 941019s1996 njua b 000 0 eng
010 _a 94041598
020 _a0865431965
020 _a9780865431966
020 _a0865431973 (pbk.)
020 _a9780865431973 (pbk.)
024 _a99954509246
035 _a(OCoLC)31411948
035 _a(OCoLC)ocm31411948\
035 _a(NNC)1550099
040 _aDLC
_cDLC
_dYHM
_dBAKER
_dBTCTA
_dYDXCP
043 _af------
050 0 0 _aGV1705
_b.A47 1996
100 _aWelsh-Asante, Kariamu
_92510
245 0 0 _aAfrican dance :
_ban artistic, historical, and philosophical inquiry /
_cedited by Kariamu Welsh-Asante.
260 _aTrenton, NJ :
_bAfrica World Press,
_cc1996.
300 _axviii, 254 p. :
_bill. ;
_c23 cm.
504 _aIncludes bibliographical references (p. 227-250).
505 0 0 _tAfrican dance /
_rPearl Primus --
_tTraditional dance in Africa /
_rDoris Green --
_tPanoply of African dance dynamics /
_rEsilokun Kinni-Olusanyin --
_tAfrican dance: transition and continuity /
_rRobert W. Nicholls --
_tAfrican dance: bridges to humanity /
_rTracy D. Snipe --
_tAfrican influences in Brazilian dance /
_rMyriam Evelyse Mariani --
_tDancing under the lash: sociocultural disruption, continuity, and synthesis /
_rKatrina Hazzard-Gordon --
_tDianne McIntyre: a twentieth century African-American griot /
_rCynthia S'thembile West --
_tTap dance: manifestation of the African aesthetic /
_rCheryl Willis --
_tTraditional African dance in context /
_rFelix Begho --
_tIn contest: the dynamics of African religious dances /
_rOmofolabo Soyinka Ajayi --
_tZimbabwean dance aesthetic: senses, canons and characteristics /
_rKariamu Welsh Asante --
_tBibliographic essay and selected bibliography of African dance /
_rGlendola Yherma Mills.
650 0 _aDance
_zAfrica.
_92511
650 0 _aDance
_xSocial aspects
_zAfrica.
_92512
650 0 _aDance, Black.
_92513
700 1 _aWelsh-Asante, Kariamu.
_92514
942 _2lcc
_cMONOGRAPH
948 1 _a20130819
_bc
_cdk2679
_dMPS
999 _c118344
_d118344